Palata no. 7 /

Saved in:
Bibliographic Details
Main Author: Tarsis, Valeriĭ
Format: Book
Language:Russian
Published: [Frankfurt] : Posev, 1966.
LEADER 00690nam a2200205 a 4500
001 c000182924
003 CARM
005 19910716000000.0
008 910805s1966 gw 000 0arus d
019 1 |a 8325228 
040 |a NZOC  |b eng  |c NZOC 
082 0 4 |a 891.734  |2 20 
100 1 |a Tarsis, Valeriĭ. 
245 1 0 |a Palata no. 7 /  |c Valeriĭ Tarsis. 
260 |a [Frankfurt] :  |b Posev,  |c 1966. 
300 |a 148 p. ;  |c 21 cm. 
500 |a Autobiographical novel. 
852 8 |b CARM  |h A2:AI06B0  |i B04643  |p 0207683  |f BK 
999 f f |i 2b6c4bd9-f9df-54af-9ebf-97bb85894b8d  |s 9ceea8d3-5a78-5d60-ab59-c395172ed7ea 
952 f f |p Can circulate  |a CAVAL  |b CAVAL  |c CAVAL  |d CARM 1 Store  |e B04643  |f A2:AI06B0  |h Other scheme  |i book  |m 0207683